Green taxation : (Registro nro. 21708)

Detalles MARC
000 -Cabecera
Campo de control interno 00985nam a2200253Ia 4500
005 - Fecha y hora del registro
control field 20260420115511.0
008 - Elementos de Longitud Fija
fixed length control field 260320s9999||||xx |||||||||||||| ||und||
020 ## - ISBN
ISBN 9789564075419
041 ## - Idioma
Codigo Idioma ESP
082 ## - DEWEY y NOTACIÓN INTERNA
Dewey 348.54
Notación Interna Z47
100 ## - AUTOR
Autor denominación Zavaleta Álvarez, Michael,
Término de relación autor
245 #0 - TÍTULO DE MATERIAL BIBLIOGRÁFICO
Título Green taxation :
Título paralelo diagnóstico y propuestas de soluciones a la problemática del medio ambiente desde el derecho tributario y el análisis institucional
250 ## - EDICIÓN
Edición Primera edición
260 ## - CIUDAD, EDITORIAL, AÑO
Ciudad Santiago :
Nombre de la Editorial Ediciones Olejnik,
Año 2025
300 ## - DESCRIPCIÓN
N° Páginas 165 páginas :
Otros detalles tablas ;
Dimensiones 24 cm.
440 ## - MENCIÓN DE SERIE
Título de la Serie (Biblioteca de derecho tributario)
650 ## - TEMAS
Temas Ciencias Sociales
653 ## - DESCRIPTORES
Lenguajes no controlado Derecho ecológico del medio ambiente
654 ## - PROGRAMAS
Programa Dpto. de Derecho y Ciencia Política
856 ## - URL - UBICACIÓN
URI/URL: Enlace exacto del recurso <a href="https://0u214x75q-y-https-app-vlex-com.itmsp.museknowledge.com/">https://0u214x75q-y-https-app-vlex-com.itmsp.museknowledge.com/</a>
Nota pública: Versión digital <a href="Véase además: Base de datos Vlex">Véase además: Base de datos Vlex</a>
856 ## - URL - UBICACIÓN
URI/URL: Enlace exacto del recurso <a href="https://legal.legis.com.pe/home/Corporativo">https://legal.legis.com.pe/home/Corporativo</a>
Nota pública: Versión digital <a href="Véase además: Base de datos Multilegis">Véase además: Base de datos Multilegis</a>
942 ## - ELEMENTOS DE KOHA
Tipo de documento Libro
Nombre del creador Justo Noguera
Código de catalogador Margarita Torres
Esquema de clasificación Dewey Decimal Classification
Existencias
Codigo completo Registro Colección Copia número Disponibilidad Tipo de préstamo Biblioteca Actual Procedencia (Biblioteca) Ubicacón Fecha Ingreso Tipo de Adquisición Date last seen Total checkouts Price effective from Tipo de Item Estado del Material Fuente de Clasificación Damaged status Withdrawn status
348.54 Z47 1085255 Colección Sánchez Concha 1 Disponible Disponible Víctor Andrés Belaunde Víctor Andrés Belaunde Primer piso 07/04/2026 Compra 07/04/2026   07/04/2026 Libro Bueno Dewey Decimal Classification